One Piece Bounties - Statistics

General Stats
  • This quiz has been taken 501 times
    171 since last reset
  • The average score is 43 of 77
Answer Stats
Hint Answer % Correct
5.564.800.000 Gol D. Roger
98%
5.046.000.000 Edward Newgate
97%
4.611.100.000 Kaido
97%
3.000.000.000 Monkey D. Luffy
97%
1.111.000.000 Roronoa Zoro
97%
4.388.000.000 Charlotte Linlin
96%
1.032.000.000 Sanji
96%
4.048.900.000 Shanks
96%
3.000.000.000 Trafalgar D. Law
96%
3.996.000.000 Marshall D. Teach
95%
3.590.000.000 Mihawk
95%
3.000.000.000 Eustass Kid
94%
3.189.000.000 Buggy
92%
1.965.000.000 Sir Crocodile
92%
930.000.000 Nico Robin
90%
366.000.000 Nami
86%
1.057.000.000 Charlotte Katakuri
84%
1.390.000.000 King
84%
1.659.000.000 Boa Hancock
83%
394.000.000 Franky
83%
500.000.000 God Usopp
83%
383.000.000 Brook
81%
1.320.000.000 Queen
81%
1.374.000.000 Marco
77%
550.000.000 Portgas D. Ace
77%
1.100.000.000 Jinbei
76%
1.000.000.000 Jack
75%
340.000.000 Donquixote Doflamingo
74%
602.000.000 Sabo
73%
932.000.000 Charlotte Smoothie
72%
296.000.000 Bartholomew Kuma
69%
1.800.000.000 Brogy
66%
860.000.000 Charlotte Cracker
66%
1.800.000.000 Dorry
65%
320.000.000 Jewelry Bonney
65%
200.000.000 Killer
65%
2.600.000.000 Loki
65%
320.000.000 Gecko Moria
64%
222.000.000 X Drake
64%
320.000.000 Basil Hawkins
62%
700.000.000 Charlotte Perospero
59%
108.000.000 Urouge
59%
350.000.000 Scratchmen Apoo
58%
350.000.000 Capone Bege
56%
400.000.000 Ulti
49%
480.000.000 Black Maria
44%
300.000.000 Charlotte Oven
44%
290.000.000 Page One
42%
546.000.000 Who's Who
42%
472.000.000 Sasaki
40%
480.000.000 Edward Weevil
39%
200.000.000 Bartolomeo
32%
382.000.000 Pedro
32%
195.000.000 Bellamy
31%
600.000.000 Charlotte Snack
31%
330.000.000 Cavendish
30%
300.000.000 Charlotte Daifuku
30%
300.000.000 Caesar Clown
28%
542.000.000 Don Chinjao
27%
457.000.000 Belo Betty
26%
293.000.000 Morley
25%
210.000.000 Sai
23%
510.000.000 Izou
22%
330.000.000 Pekoms
21%
148.000.000 Orlumbus
20%
210.000.000 Caribou
19%
230.000.000 Fisher Tiger
19%
316.000.000 Lindbergh
19%
429.000.000 Tamago
19%
120.000.000 Charlotte Mont d'Or
17%
105.500.000 Bobbin
15%
190.000.000 Coribou
12%
190.000.000 Ginny
8%
210.000.000 Squardo
7%
400.000.000 Karasou
4%
550.000.000 Little Orz Jr.
4%
320.000.000 Panz Fry
3%
No matching quizzes found
Score Distribution
Percent of People with Each Score
Percentile by Number Answered
Your Score History
You have not taken this quiz since the last reset